=LDR 00000nam 2200000 4500 =001 INLIS000000000031621 =005 20130612133701 =008 ***********************************ind** =035 ##$$0010-061300000031621 =041 ##$$a ind =082 ##$$a f Rom k =090 ##$$a F Rom k, Akb, s =100 ##$$a AKBAR,Rasyid =245 ##$$a Sasha Ditawan Sigala, Rasyid Akbar; Penyunting, Dana Anggara =260 ##$$a 2008 $b Jakarta =300 ##$$a 28 hlm , Ilus , 21 Cm =650 ##$$a FIKSI ANAK_ANAK =700 ##$$a ANGGARADANA =850 ##$$a NBPNMAT